Famous Duckfaces Quiz Stats

 Plays Quiz Updated Jan 12, 2016

Challenge
Share
Tweet
Score 0/20 Timer 03:00
2 Plays Today
% Correct
Barack Obama
98.7%
Donald Trump
96.3%
Marilyn Monroe
94%
Jennifer Aniston
93.8%
Miley Cyrus
92.7%
Bill Clinton
92.3%
Beyoncé
88.6%
Ben Stiller
88.3%
Vladimir Putin
87.2%
Kanye West
84.4%
% Correct
Brad Pitt
82%
Jessica Simpson
74.5%
Drake
73.1%
LeBron James
61.8%
Taylor Lautner
60.7%
Heidi Klum
57.8%
Cristiano Ronaldo
55.1%
Eva Mendes
49.9%
Ryan Stiles
28.2%
Janice Dickinson
24%

You're not logged in!

Compare scores with friends on all Sporcle quizzes.
Join for Free
OR
Log In

You Might Also Like...

Show Comments

Extras

Top Quizzes Today


Score Distribution

Your Account Isn't Verified!

In order to create a playlist on Sporcle, you need to verify the email address you used during registration. Go to your Sporcle Settings to finish the process.

Report this User

Report this user for behavior that violates our Community Guidelines.

Details: